| 000 | 00460nam a2200145Ia 4500 | ||
|---|---|---|---|
| 008 | 151021s9999 xx 000 0 und d | ||
| 020 | _a9.7801371267e+012 | ||
| 050 | _aHD 62.5 .H475 2009 | ||
| 245 | _a_So, want to start a business? 8 steps to make before making the leap Edward D Hess | ||
| 260 | _aNew Jersey Pearson 2009 | ||
| 300 | _axxii,194p | ||
| 650 | _a_starting a business | ||
| 700 | _a_charles F Goetz | ||
| 980 | _a^d20110711 05:13:46^okorir | ||
| 999 |
_c7787 _d7787 |
||